000 00805nas a2200253 4500
001 BR9203713
003 BR-BrBNA
005 20231205095049.0
007 ta
008 230509b bl.|||p| |||| 00| 00por d
040 _aBR-BrBNA
_bpor
_cBiblioteca Nacional de Agricultura
041 _a(Pt)
072 _aL01
100 1 _aVaz, C.M.S.L.
100 1 _aFigueiro, P.R.P.
100 1 _aFerreira, G.B.B.
245 1 _aAvaliacao de alguns parametros ambientais e geneticos no peso de velo sulo e no peso corporal de ovinos da raca corriedale
650 _aOvino
650 _aTosquia
650 _aPeso
773 0 _tRevista do Centro de Ciencias Rurais (Brazil)
_xISSN 0085-5901
_g(Jul-Sep 1989), v. 19(3) p. 287-294
_wBR9203713
909 _a202311
_bLúcia
_c55
_dLúcia Elande
942 _2AGRIS
_n0
_cANA
999 _c148526
_d148526